| 000 | 00508nam a2200193 a 4500 | ||
|---|---|---|---|
| 001 | 1773825713209 | ||
| 003 | YourLibrary | ||
| 005 | 20260318145350.0 | ||
| 008 | 260318s2009##################000#0#eng## | ||
| 020 | _a9780754678007 | ||
| 082 | 0 | 4 |
_a340.0711 _bBRA |
| 100 | 1 |
_aBrand, Ronald A., _eauthor. |
|
| 245 | 1 | 0 | _aThe Export of Legal Education : |
| 260 |
_bAshgate Publishing Company, _c2009. |
||
| 300 | _a203 pages | ||
| 650 | 0 | _aLaw. | |
| 942 | _cENGLISH | ||
| 040 |
_aYourLibrary _beng _cYourLibrary |
||
| 999 |
_c617962 _d617962 |
||